Times com as maiores goleadas da história do brasileirão - Statistics

Estatísticas Gerais
  • Esse quiz foi jogado 128 vezes
  • A pontuação média é 20 de 23
Estatísticas das Respostas
Resposta % Correto
1985 Flamengo 7 x 0 Santa Cruz
99%
1981 Flamengo 8 x 0 Fortaleza
99%
1976 Flamengo 8 x 1 Sampaio Corrêa
99%
1984 Palmeiras 7 x 0 CRB
99%
1960 Palmeiras 8 x 2 Fortaleza
99%
1968 Santos 9 x 2 Bahia
99%
1983 Corinthians 10 x 1 Tiradentes-Pi
98%
2004 São Paulo 7 x 0 Paysandu
98%
1960 Fluminense 8 x 0 Fonseca
96%
1967 Grêmio 8 x 0 Perdigão
95%
1982 Vasco da Gama 7 x 0 Internacional-SM
95%
1982 Vasco da Gama 7 x 0 Moto Club
95%
1984 Vasco da Gama 9 x 0 Tuna Luso
95%
1997 internacional 7 x 0 Bragantino
94%
1977 Bahia 7 x 0 Vitória-ES
92%
2003 Cruzeiro 7 x 0 Bahia
91%
1980 Vitória 8 x 1 América-RN
70%
2003 Goiás 7 x 0 Juventude
64%
1978 Guarani 7 x 0 Itabuna
60%
1982 Guarani 8 x 0 River-Pi
60%
1982 Guarani 8 x 1 Ceará
60%
1986 Guarani 8 x 2 Piauí
60%
1993 Guarani 8 x 2 Remo
60%
Nenhum quiz correspondente encontrado
Distribuição das Pontuações
Porcentagem de Pessoas com Cada Pontuação
Percentil de Números Respondidos
Sua Pontuação Histórica
Você não jogou esse quiz